| 000 | 00651cam a2200217 a 4500 | ||
|---|---|---|---|
| 001 | 14021 | ||
| 003 | BD-JhCC | ||
| 005 | 20240523142229.0 | ||
| 008 | 850924s1956 aca 000 0 eng d | ||
| 035 | _a(BD-JhCC)14020 | ||
| 035 | _a825159 | ||
| 040 |
_aXNTU _cXNTU _dBD-JhCC |
||
| 041 | _aeng | ||
| 082 | 0 | 4 |
_a320.01 _bDEL 1981 |
| 100 | 1 |
_aPartridge, P. H. _q(Percy Herbert), _d1910- |
|
| 245 | 1 | 0 |
_aThinking about politics : _bAmerican Government in Associational Perspective / _c P.H. Partridge. |
| 260 |
_aCanberra : _bAustralian National University, _c1956. |
||
| 300 |
_a23 p. ; _c21 cm. |
||
| 650 | 0 | _aPolitical science. | |
| 942 |
_2ddc _cBK |
||
| 999 |
_c14021 _d14021 |
||